Gaming Quiz

Random Gaming or Rock Quiz

Rock Band 2 Songs Quiz Stats

 Plays Quiz Updated Jan 28, 2020

Support Sporcle.
Go Orange.
Score 0/84 Timer 10:00
1 Play Today
Year Song % Correct
1980Ace of Spades
57.9%
1986Livin' on a Prayer
56%
1982Eye of the Tiger
53.5%
1991Alive
52.4%
2001Chop Suey!
50.1%
1982White Wedding (Part 1)
50%
2004Float On
49.7%
1982Hungry Like the Wolf
49.6%
2001The Middle
49.2%
1997Everlong
47.7%
1995Lump
45.3%
1971Aqualung
44.1%
1991Give It Away
44.1%
1980Any Way You Want It
44.1%
2000Down with the Sickness
43.7%
1986Battery
42.2%
2008Nine in the Afternoon
41.9%
1970American Woman
41.8%
1969Pinball Wizard
41.7%
1993Today
40.6%
1977Go Your Own Way
40.5%
1977Let There Be Rock
39.3%
1991Man in the Box
38.7%
1976Carry On Wayward Son
38.1%
1984Round and Round
36.9%
1994Spoonman
36.9%
1981Bad Reputation
36.8%
1990Painkiller
36.4%
Year Song % Correct
2008That's What You Get
36.4%
1999My Own Worst Enemy
34.9%
2007Almost Easy
34.3%
1973Ramblin' Man
34.2%
1969Spirit in the Sky
33.9%
1979One Way or Another
33%
2000One Step Closer
32.9%
1994Come Out and Play
32.4%
2006Master Exploder
32.3%
1978The Trees
31.9%
1977Psycho Killer
31.8%
1977Hello There
31.7%
2000Testify
31.3%
1995You Oughta Know
31%
1988Mountain Song
30.1%
2005E-Pro
29.9%
1975Tangled Up in Blue
29.8%
2004Give It All
29.7%
1986Peace Sells
29.6%
1991Drain You
29.2%
1982We Got the Beat
29.1%
1994Feel the Pain
28.6%
2005Panic Attack
28.5%
2007Lazy Eye
28%
2003Girl's Not Grey
27.9%
1980Alabama Getaway
27.1%
1978Pump It Up
26.6%
2008Shackler's Revenge
26.5%
Year Song % Correct
1975Shooting Star
25.3%
1979Cool for Cats
23.6%
1980Kids in America
23.4%
1993Rebel Girl
22.7%
2002PDA
22.7%
1987Alex Chilton
22.2%
2008Visions
21.6%
2007New Kid in School
21.5%
2008Rob the Prez-O-Dent
21.4%
1996I Was Wrong
21.2%
1976Rock'n Me
21.1%
1992So What'cha Want
20.9%
2006Our Truth
19.9%
1973Bodhisattva
19.4%
2008Night Lies
19%
1988Teen Age Riot
18.9%
2007Colony of Birchmen
18.8%
2007A Jagged Gorgeous Winter
18.4%
1992Where'd You Go?
18.1%
1992Pretend We're Dead
17.9%
2008Shoulder to the Plow
16.7%
2008Get Clean
16.6%
1991De-Luxe
16%
1990Souls of Black
15.8%
1978Uncontrollable Urge
15%
2008Conventional Lover
14%
2008Welcome to the Neighborhood
13.4%
2007Supreme Girl
10.1%

From the Vault

NFC North Rushing Leaders

by Joshie_the_great

Sports 6m
It's all about going as fast as possible all the time.
Remove Ads.
Support Sporcle.
Get the best of Sporcle when you Go Orange. This ad-free experience offers more features, more stats, and more fun while also helping to support Sporcle. Thank you for becoming a member.

Show Comments

Extras

Top Quizzes Today


Score Distribution

Your Account Isn't Verified!

In order to create a playlist on Sporcle, you need to verify the email address you used during registration. Go to your Sporcle Settings to finish the process.

Report this User

Report this user for behavior that violates our Community Guidelines.

Details: